Niemiecki perfekt #3 - Statystyki

Ogólne statystyki
  • Ten quiz został rozwiązany 22 razy
  • Średni wynik to 14 z 20
Statystyki odpowiedzi
bezokolicznik perfekt tłumaczenie % Poprawnych
sehen hat gesehen widzieć, patrzeć
100%
singen hat gesungen śpiewać
91%
sprechen hat gesprochen mówić
82%
treffen hat getroffen spotykać
82%
trinken hat getrunken pić
82%
springen ist gesprungen skakać
82%
stehen hat gestanden stać
73%
tragen hat getragen nosić
73%
waschen hat gewaschen myć, prać
73%
vergessen hat vergessen zapominać
73%
verlieren hat verloren gubić, tracić
73%
tun hat getan robić, czynić
64%
ziehen hat gezogen ciągnąć
64%
steigen ist gestiegen wspinać się
64%
sitzen hat gesessen siedzieć
55%
wachsen ist gewachsen rosnąć
55%
werden ist geworden stać się, zostać
55%
streiten hat gestritten kłócić się
45%
wissen hat gewusst wiedzieć
45%
sein ist gewesen być
45%
Nie znaleziono quizów pasujących do podanych kryteriów
Rozkład punktacji
Procent ludzi z każdym wynikiem
Percentyl według liczby udzielonych odpowiedzi
Twoja historia wyników
Nie rozwiązałeś tego quizu